[Event "FRM-ch op 20th"]
[Site "Struga"]
[Date "2011.07.18"]
[Round "3"]
[White "Gjeorgjievski, Done"]
[Black "Lazov, Toni"]
[Result "0-1"]
[WhiteElo "1898"]
[BlackElo "1709"]
[PlyCount "110"]
[EventDate "2011.07.16"]
[EventType "swiss"]
[EventRounds "9"]
[EventCountry "MKD"]
[SourceTitle "CBM 143 Extra"]
[Source "ChessBase"]
[SourceDate "2011.08.29"]
[SourceVersion "1"]
[SourceVersionDate "2011.08.29"]
[SourceQuality "1"]

1. e4 c5 2. Nf3 d6 3. d4 cxd4 4. Nxd4 Nf6 5. Nc3 a6 6. Bg5 e6 7. f4 Qb6 8. a3 Bd7 9. Nb3 Be7 10. Qf3 Nc6 11. 0-0-0 0-0-0 12. Bd3 h6 13. Bh4 Na5 14. Nd2 Qc7 15. Rhe1 Nc6 16. Bf2 d5 17. e5 Nh7 18. Na4 d4 19. Nc4 b5 20. Nab6+ Kb7 21. Nxd7 bxc4 22. Bxc4 Rxd7 23. Rxd4 Rxd4 24. Bxd4 Kb8 25. Qb3+ Qb7 26. Bb6 Bd8 27. Bxd8 Qxb3 28. cxb3 Rxd8 29. Bxa6 Ka7 30. Bc4 Na5 31. Kc2 Kb6 32. Re3 Rd4 33. Bd3 Nf8 34. b4 Nc6 35. Kc3 Rxf4 36. b5 Ne7 37. Kb3 Nd7 38. g3 Nc5+ 39. Kc3 Nd5+ 40. Kd2 Rf2+ 41. Re2 Nxd3 42. Kxd3 Rxe2 43. Kxe2 Kxb5 44. Kd3 Kc5 45. b4+ Nxb4+ 46. axb4+ Kxb4 47. Kd4 Kb5 48. h3 Kb4 49. h4 Kb5 50. Kd3 Kc5 51. Ke4 Kc4 52. g4 Kc5 53. g5 hxg5 54. hxg5 Kc4 55. Kf4 Kd4 0-1